Trust and public administration (Record no. 94558)

000 -LEADER
fixed length control field 01311pab a2200181 454500
008 - FIXED-LENGTH DATA ELEMENTS--GENERAL INFORMATION
fixed length control field 180718b2012 xxu||||| |||| 00| 0 eng d
100 ## - MAIN ENTRY--PERSONAL NAME
Personal name Bouckaert, Geert
245 ## - TITLE STATEMENT
Title Trust and public administration
260 ## - PUBLICATION, DISTRIBUTION, ETC.
Date of publication, distribution, etc. 2012
300 ## - PHYSICAL DESCRIPTION
Extent p.91-115.
520 ## - SUMMARY, ETC.
Summary, etc. Within the public sector of OECD countries trust is increasingly becoming a crucial element of performance and for a performing public sector, especially with the current financial crisis. Reform strategies have been driven by agendas to increase trust in the public sector (T1), from the public sector in society (T2) and within the public sector (T3). However, there are some paradoxes in these strategies. For example, the New Public Management model is partly based on distrust, in that the public sector expects to be trusted but does not necessarily trust its citizens or other public sector agents. Trust levels are culturally determined and differ significantly within the OECD. This has an implication for public sector reform policies, which are linked to trust regimes. Taking trust regimes into account should contribute to trust building and trust keeping. - Reproduced.
650 ## - SUBJECT ADDED ENTRY--TOPICAL TERM
Topical term or geographic name entry element Administrative reform
650 ## - SUBJECT ADDED ENTRY--TOPICAL TERM
Topical term or geographic name entry element Public trust
650 ## - SUBJECT ADDED ENTRY--TOPICAL TERM
Topical term or geographic name entry element Public administration
773 ## - HOST ITEM ENTRY
Main entry heading Administration
908 ## - PUT COMMAND PARAMETER (RLIN)
Put command parameter N
909 ## -
-- 94558
Holdings
Withdrawn status Lost status Damaged status Not for loan Permanent Location Current Location Date acquired Serial Enumeration / chronology Barcode Date last seen Price effective from Koha item type
        Indian Institute of Public Administration Indian Institute of Public Administration 2018-07-19 Volume no: 60, Issue no: 1 AR95018 2018-07-19 2018-07-19 Articles

Powered by Koha